Redes cisco, guía de estudio para la certificación CCNA routing y switching/Ernesto Ariganello (Registro nro. 18789)

Detalles MARC
000 -LEADER
fixed length control field 00480nam a22001811a 4500
001 - CONTROL NUMBER
control field 18789
003 - CONTROL NUMBER IDENTIFIER
control field OSt
005 - DATE AND TIME OF LATEST TRANSACTION
control field 20260204212422.0
008 - FIXED-LENGTH DATA ELEMENTS--GENERAL INFORMATION
fixed length control field 180903s2016||||ck ||||||b||||||||||spa||
082 ## - DEWEY DECIMAL CLASSIFICATION NUMBER
Classification number 004.68 AR699r
100 ## - ASIENTO PRINCIPAL -- NOMBRE PERSONAL
Personal name Ariganello,Ernesto
245 ## - TÍTULO PROPIAMENTE DICHO: SUBTÍTULO
Title Redes cisco, guía de estudio para la certificación CCNA routing y switching/Ernesto Ariganello
250 ## - MENCIÓN DE EDICIÓN
Edition statement 4
264 ## - PRODUCTION, PUBLICATION, DISTRIBUTION, MANUFACTURE, AND COPYRIGHT NOTICE
Place of production, publication, distribution, manufacture Bogotá:Ediciones de la U
300 ## - PHYSICAL DESCRIPTION
Extensión 570 p.
650 ## - ASIENTO SECUNDARIO DE MATERIA -- TERMINO TEMÁTICO
Termino Temático Como Elemento de Entrada RedesÌ
942 ## - ADDED ENTRY ELEMENTS (KOHA)
Source of classification or shelving scheme Dewey Decimal Classification
Koha item type Libros
Existencias
Withdrawn status Lost status Source of classification or shelving scheme Damaged status Not for loan Current library Date acquired Total Checkouts Full call number Barcode Date last seen Price effective from Koha item type
    Dewey Decimal Classification     Biblioteca UTECO 09/09/2019   004.68 AR699R 018396 09/09/2019 09/09/2019 Libros
    Dewey Decimal Classification     Biblioteca UTECO 09/09/2019   004.68 AR699R 018397 09/09/2019 09/09/2019 Libros
© 2021 Derechos Reservados UTECO - Teléfono: +1 809-585-2291 - Correo electrónico: biblioteca@uteco.edu.do​  
Código postal 43000 ​​
Dirección: Avenida Universitaria No. 100, 
Cotuí, Provincia Sánchez Ramírez, República Dominicana - RNC: 404-00059-6